000 00792nac a22002051u 4500
008 100915t2003 xxu|||||r|||| 00| 0 eng d
010 _a2002031999
020 _a0071406859
020 _a9780071406857
082 0 0 _a629.892
_bMCC
_222
100 _aMcComb, Gordon.
_919225
245 1 0 _aRobot Builder's Sourcebook /
_cGordon McComb
260 _aNew York :
_bMcGraw-Hill,
_cc2003.
300 _axvii, 711 p. :
_bill. ;
_c28 cm.
650 0 _aRobotics.
_919226
856 4 2 _3Contributor biographical information
_uhttp://www.loc.gov/catdir/bios/mh041/2002031999.html
856 4 2 _3Table of contents
_uhttp://www.loc.gov/catdir/toc/mh031/2002031999.html
856 4 2 _3Publisher description
_uhttp://www.loc.gov/catdir/description/mh024/2002031999.html
942 _cBB
_k629.892MCC
_2ddc
999 _c740
_d740